Associez ces monts à leur pays en moins d'une minute - Statistiques

Statistiques générales
  • Ce quiz a été pris 14 fois
  • Le résultat moyen est 5 sur 9
Statistiques - réponses
Mont Altitude Pays % Correct
Everest 8 849 m Chine | Népal
100%
Mont Blanc 4 806 France | Italie
90%
Mont McKinley 6 190 m Etats-Unis
80%
Kilimandjaro 5 892 Tanzanie
70%
Acacongua 6 962 m Argentine
60%
Elbrouz 5 643 Russie
60%
Massif Vinson 4 892 Antarctique
20%
Mont Kosciuszko 2 228 Australie
20%
Puncak Jaya 4 884 Indonésie
10%
Aucun quiz correspondant
Distribution des résultats
% des personnes avec chaque résultat
Percentile par nombre de réponses
Votre historique - résultats
Vous n’avez pas pris ce quiz